| 000 | 00639nam a22002057a 4500 | ||
|---|---|---|---|
| 003 | DO-SdBNP | ||
| 005 | 20221115144050.0 | ||
| 007 | ta | ||
| 008 | 110301s202u dr a 000 0 spa d | ||
| 040 |
_aDO-SdBNP _bspa _cBNPHU |
||
| 082 | 4 |
_axxxx _bD542 |
|
| 100 | 1 |
_aDíaz, Fernando _953018 |
|
| 245 | 1 | 3 |
_aEn la simplicidad de la vida / _cFernando Díaz |
| 246 | 1 |
_aEn la simplicidad de la vida : _blas grandes almas trascienden en el tiempo, también en el pensamiento / |
|
| 260 |
_aSanto Domingo : _bOdracir, _c[2022]. |
||
| 300 |
_a22 p. : _bil. _c21 cm. |
||
| 590 | _aInventariado, 2022/ YL | ||
| 910 | _aYLockward | ||
| 942 |
_2ddc _cLBS1 |
||
| 999 |
_c52942 _d52942 |
||